Southville International School and Colleges
Your cart is empty.
  • Cart
  • Lists
    Public lists Eva Luna New books Lux_list list_1
    Your lists Log in to create your own lists
  • Log in to your account
  • Your cookies
  • Search history
Southville International School and Colleges
  • Advanced search
  • Recent comments
  • Most popular
  • Libraries

Log in to your account

Log in with GOOGLE


If you do not have an external account, but do have a local account, you can still log in:

  1. Home
  2. MARC view: Si Emang engkantada at ang tatlong haragan /
Normal view MARC view ISBD view

Si Emang engkantada at ang tatlong haragan / (Record no. 355284)

[ view plain ]
MARC details
000 -LEADER
fixed length control field 00497nam a2200169Ia 4500
008 - FIXED-LENGTH DATA ELEMENTS--GENERAL INFORMATION
fixed length control field 180207s9999 xx 000 0 und d
020 ## - INTERNATIONAL STANDARD BOOK NUMBER
International Standard Book Number 9715082572
050 ## - LIBRARY OF CONGRESS CALL NUMBER
Item number V718 1980
100 ## - MAIN ENTRY--PERSONAL NAME
Personal name Villanueva, Rene
245 ## - TITLE STATEMENT
Title Si Emang engkantada at ang tatlong haragan /
245 ## - TITLE STATEMENT
Statement of responsibility, etc Rene Villanueva ; drawing by Alfonso Oñate and Wilfredo Pollarco.
260 ## - PUBLICATION, DISTRIBUTION, ETC. (IMPRINT)
Place of publication, distribution, etc Quezon City, Philippines :
260 ## - PUBLICATION, DISTRIBUTION, ETC. (IMPRINT)
Name of publisher, distributor, etc Adarna House,
260 ## - PUBLICATION, DISTRIBUTION, ETC. (IMPRINT)
Date of publication, distribution, etc 1980
300 ## - PHYSICAL DESCRIPTION
Extent unpaged :
300 ## - PHYSICAL DESCRIPTION
Other physical details color illustration ;
Holdings
Withdrawn status Lost status Damaged status Home library Current library Date acquired Total Checkouts Full call number Barcode Date last seen Price effective from Koha item type
      Stonyhurst Southville International School (Malarayat) Stonyhurst Southville International School (Malarayat) 02/07/2018   ER V718 1980 SSISM4829 02/07/2018 02/07/2018 Books

Si Emang engkantada at ang tatlong haragan /

APA

Villanueva R., .Si Emang engkantada at ang tatlong haragan. Quezon City, Philippines: .

Chicago

Villanueva Rene, .Si Emang engkantada at ang tatlong haragan. Quezon City, Philippines: .

Harvard

Villanueva R., .Si Emang engkantada at ang tatlong haragan. Quezon City, Philippines: .

MLA

Villanueva Rene, .Quezon City, Philippines: . .

  • Place hold
  • Print
  • Cite
  • Add to your cart (remove)
  • Save record
    BIBTEX Dublin Core MARCXML MARC (non-Unicode/MARC-8) MARC (Unicode/UTF-8) MARC (Unicode/UTF-8, Standard) MODS (XML) RIS
  • More searches
    Search for this title in:
    Other Libraries (WorldCat) Other Databases (Google Scholar) Online Stores (Bookfinder.com) Open Library (openlibrary.org)

Exporting to Dublin Core...

SOUTHVILLE LIBRARY

Southville International School and Colleges Library

1281 Tropical Ave. Cor. Luxembourg St., BF Homes International, Las Pinas City

Tel. No. 8256374 / 252358 Loc. 117/146

Powered by Koha